000 00887nam a2200289 i 4500
003 EG-GICUC
005 20260421131824.0
008 260420s1954 fre||||fr|||| 001 0 fre d
040 _aEG-GiCUC
_bfre
_cEG-GiCUC
_dEG-GiCUC
_eRda
041 _hfre
082 0 4 _221
_a343
_bDE. S.
092 0 4 _221
099 _aLaw1 10 343 DE. S. 1968
100 1 _aDecocq, André .
245 1 3 _aLa Structure De La Qualification Legale /
_cAndré Decocq.
264 _c1968.
300 _a168 page :
_c 24 cm.
336 _2rda contenu
_a texte
337 _2rda medias
_aOrdinateur
338 _2 transporteur rda
_a Ressource en ligne
500 _aComprend des références bibliographiques et un index.
650 1 4 _aSciences Criminelles
_2qrmak
651 1 _2qrmak
856 4 0 _uhttps://fll.law.cu.edu.eg/fulltext/bks/B10-10053.pdf
905 _a168
_eEman
942 _2ddc
_cBK
_e21
_n0
999 _c72087
_d72087